000 00439nam a22001817a 4500
003 MPLRDC
005 20220104143959.0
008 210129b ||||| |||| 00| 0 eng d
020 _a983-40815-0-2
082 _a868.71 XZRB v.5
100 _a星洲日报
245 _a花踪文汇. 5
_c
250 _a初版
260 _a马来西亚
_b星洲日报
_c2001
300 _b290
650 _a马华文学
942 _cBK
_o868.71 XZRB v.5
999 _c45225
_d45215